Football : l'effectif du Maroc champion de la CAN 2025 - Statistiques

Statistiques générales
  • Ce quiz a été pris 87 fois
  • Le résultat moyen est 13 sur 28
Statistiques - réponses
Club Poste Joueur % Correct
PSG Latéral droit Achraf Hakimi
95%
Al-Hilal Gardien Yassine Bounou
95%
OM Défenseur central Nayef Aguerd
81%
Real Madrid Ailier Brahim Diaz
77%
Manchester United Latéral droit Noussair Mazraoui
77%
Betis Séville Milieu défensif Sofyan Amrabat
61%
Girona Milieu Azzedine Ounahi
59%
AS Roma Milieu Neil El Aynaoui
59%
PSV Milieu Ismaël Saibari
56%
LOSC Buteur Hamza Igamane
50%
Olympiakos Buteur Ayoub El Kaabi
48%
Betis Séville Ailier Ez Abde
48%
Al Sadd Défenseur central Romain Saiss
48%
Stuttgart Milieu offensif Bilal El Khannouss
42%
Torino Défenseur central Adam Masina
39%
Sunderland Ailier Chemsdine Talbi
39%
Berkane Gardien Munir
36%
PSV Latéral gauche Anass Salah-Eddine
34%
Leverkusen Ailier Eliesse Ben Seghir
34%
Saragosse Défenseur central Jamad El Yamiq
34%
Rennes Défenseur central Abdelhamid Ait Boudlal
31%
Al-Ain Ailier Soufiane Rahimi
31%
Al-Ittihad Buteur Youssef En-Nesyri
31%
Rayo Vallecano Ailier Ilias Akhomach
28%
Feyenoord Milieu défensif Oussama Targhalline
27%
Pyramids Latéral droit Mohamed Chibi
23%
Raja Casablanca Gardien Mehdi Harrar
14%
Al Ahly Latéral gauche Youssef Belammari
11%
Aucun quiz correspondant
Distribution des résultats
% des personnes avec chaque résultat
Percentile par nombre de réponses
Votre historique - résultats
Vous n’avez pas pris ce quiz